书目信息 |
| 题名: |
分析化学实验
|
|
| 作者: | 武汉大学 主编 | |
| 分册: | ||
| 出版信息: | 北京 高等教育出版社 2001.05 |
|
| 页数: | 311页 | |
| 开本: | 20cm | |
| 丛书名: | ||
| 单 册: | ||
| 中图分类: | O652.1 | |
| 科图分类: | ||
| 主题词: | 分析化学 | |
| 电子资源: | ||
| ISBN: | 978-7-04-009293-6 | |
| 000 | 00605nam0 2200217 450 | |
| 001 | 0834363246 | |
| 005 | 20081212144928.24 | |
| 010 | @a978-7-04-009293-6@dCNY13.30 | |
| 100 | @a20081212d2001 km y0chiy0120 ea | |
| 101 | 0 | @achi |
| 102 | @aCN@b110000 | |
| 200 | 1 | @a分析化学实验@Afen xi hua xue shi yan@f武汉大学主编@Fwu han da xue zhu bian |
| 205 | @a4版 | |
| 210 | @a北京@c高等教育出版社@d2001.05 | |
| 215 | @a311页@d20cm | |
| 300 | @a高等学校教材 | |
| 606 | 0 | @a分析化学 |
| 690 | @aO652.1@v4 | |
| 701 | 0 | @a武汉大学@Awu han da xue@4主编 |
| 801 | 0 | @aCN@bNISOFT@c20081212 |
| 905 | @aBZT@dO652.1@e2@f5 | |
| 分析化学实验/武汉大学主编.-4版.-北京:高等教育出版社,2001.05 |
| 311页;20cm |
| 高等学校教材 |
| ISBN 978-7-04-009293-6:CNY13.30 |
| ● |
| 相关链接 |
|
|
|
正题名:分析化学实验
索取号:O652.1/2
 
预约/预借
| 序号 | 登录号 | 条形码 | 馆藏地/架位号 | 状态 | 备注 |
| 1 | 0690142 | 2000690142 | 样本书库/样001架A面5层3列/ [索取号:O652.1/2] | 在馆 | |
| 2 | 0690143 | 2000690143 | 中心书库北库/ 北库021架A面4列5层3/ [索取号:O652.1/2] | 在馆 | |
| 3 | 0690144 | 2000690144 | 中心书库北库/ 北库021架A面4列5层2/ [索取号:O652.1/2] | 在馆 | |
| 4 | 0690145 | 2000690145 | 中心书库北库/ 北库021架A面4列5层4/ [索取号:O652.1/2] | 在馆 | |
| 5 | 0690146 | 2000690146 | 中心书库北库/ 北库021架A面4列5层1/ [索取号:O652.1/2] | 在馆 |